00720nam a2200157Ia 4500008004100000020001800041082001700059100002800076245013100104260003000235300001100265500002700276650014600303952009600449999001700545120622s9999 xx 000 0 und d a970-620-235-8 a363.61 R763i aRomero Lankao, Patricia aImpacto socioambiental en Xochimilco y Lerma, de las obras de abastecimiento de la Ciudad de México / Patricia Romero Lankao aMéxico : UAM-Xochimilco a151 p. aIncluye bibliografía a1. IMPACTO AMBIENTAL - XOCHIMILCO (MEXICO) \ 2. XOCHIMILCO (MEXICO) - ABASTECIMIENTO DE AGUA \ 3. MEXICO (CIUDAD) - ABASTECIMIENTO DE AGUAÌ 00102lcc4070a22b22d2007-01-25l0o363.61 R763Ip01 003100r2023-07-20w2012-06-24yLB c58558d58558